Normal view
MARC view
- Dr. Muhammad Bilal Qadri.
Entry Personal Name
001 - CONTROL NUMBER
- control field: 29944
003 - CONTROL NUMBER IDENTIFIER
- control field: NUST
005 - DATE AND TIME OF LATEST TRANSACTION
- control field: 20200907095825.0
008 - FIXED-LENGTH DATA ELEMENTS
- fixed length control field: 200907|| aca||aabn | a|a d
040 ## - CATALOGING SOURCE
- Original cataloging agency: NUST
- Transcribing agency: NUST
100 ## - HEADING--PERSONAL NAME
- Personal name: Dr. Muhammad Bilal Qadri.
670 ## - SOURCE DATA FOUND
- Source citation: Work cat.: (NUST): Sami, Abdus, 29942, Governor Control of Hydro Power System Using Fuzzy PID Controller /, 2013
